|
|
|
|
| LEADER |
01243nam a22002657a 4500 |
| 001 |
43057 |
| 003 |
BD-DhAAL |
| 008 |
240909t2019 bg a|||| |||| 00| 0 ben d |
| 020 |
|
|
|a 9789849264874
|
| 040 |
|
|
|a BD-DhAAL
|c BD-DhAAL
|
| 041 |
|
|
|a ben
|
| 082 |
|
|
|a 916.216
|2 23
|
| 100 |
|
|
|a বড়ুয়া, জ্যোতি বিকাশ.
|9 19759
|
| 245 |
|
|
|a ভ্রমণ :
|b মিশর-তুরস্ক /
|c জ্যোতি বিকাশ বড়ুয়া.
|
| 246 |
|
|
|a Bhraman :
|b Mishar-Turaska
|
| 250 |
|
|
|a প্রথম প্রকাশ.
|
| 264 |
|
|
|a ঢাকা :
|b মুক্তদেশ প্রকাশন,
|c ২০১৯.
|
| 300 |
|
|
|a ৪৮ পৃষ্ঠা :
|b চিত্র ;
|c ২২ সে.মি.
|
| 541 |
|
|
|a Donated by Jyoti Bikash Barua (author)
|e 43057
|
| 651 |
|
|
|a Cairo (Egypt)
|x Description and travel.
|9 56759
|
| 651 |
|
|
|a Turkey
|x Description and travel.
|9 56760
|
| 852 |
|
|
|a Ayesha Abed Library
|
| 942 |
|
|
|2 ddc
|c BK
|
| 999 |
|
|
|c 46960
|d 46960
|
| 952 |
|
|
|0 0
|1 0
|2 ddc
|4 0
|6 916_216000000000000_BAR
|7 0
|9 76166
|a BRACUL
|b BRACUL
|c GEN
|d 2024-09-09
|e Donated by Jyoti Bikash Barua (author)
|g 200.00
|l 3
|m 9
|o 916.216 BAR
|p 3010043057
|r 2025-05-24
|s 2025-04-17
|t 1
|w 2024-09-09
|y BK
|x Donated by Jyoti Bikash Barua (author)
|